Mémoire sur l'endosmose des gaz à travers les poumons détachés / (Record no. 183280)

MARC details
000 -LEADER
campo de control de longitud fija 00756nam a22001815i 4500
001 - NÚMERO DE CONTROL
campo de control 183280
003 - IDENTIFICADOR DE NÚMERO DE CONTROL
campo de control ES-MaACL
005 - FECHA Y HORA DE LA ÚLTIMA TRANSACCIÓN
campo de control 20250726075205.0
008 - DATOS DE LONGITUD FIJA--INFORMACIÓN GENERAL
campo de control de longitud fija 140206s1878 fr f |||| | fre d
100 1# - ENTRADA PRINCIPAL--NOMBRE DE PERSONA
Nombre de persona Grehant, N.
9 (RLIN) 154383
245 10 - MENCIÓN DEL TÍTULO
Título Mémoire sur l'endosmose des gaz à travers les poumons détachés /
Mención de responsabilidad, etc. par N. Grehant.
260 ## - PUBLICACIÓN, DISTRIBUCIÓN, ETC.
Lugar de publicación, distribución, etc. Paris :
Nombre del editor, distribuidor, etc. G. Masson,
Fecha de publicación, distribución, etc. 1878.
300 ## - DESCRIPCIÓN FÍSICA
Extensión 7 p. ;
Dimensiones 25 cm.
490 1# - MENCIÓN DE SERIE
Mención de serie Bibliothèque de l'École des Hautes Études. Section des Sciences Naturelles . Tome XVIII ;
Designación de volumen o secuencia Article nº 3 bis
830 00 - PUNTO DE ACCESO ADICIONAL DE SERIE-TÍTULO UNIFORME
Título uniforme Bibliothèque de l'École des Hautes Études. Section des sciences naturelles
Designación de volumen o secuencia Article nº 3 bis
9 (RLIN) 181413
852 ## - LOCALIZACIÓN
Ubicación ES-MaACL
Número de control de estantería G-11021(4)
condición física .- Encuadernado con otras obras
Holdings
Estatus retirado Estado de pérdida Estado de daño No para préstamo Colección Biblioteca de origen Biblioteca actual Ubicación en estantería Fecha de adquisición Fuente de adquisición Total de préstamos Signatura topográfica completa Código de barras Visto por última vez Precio de reemplazo Tipo de ítem Koha
        Libros del s. XIX Biblioteca del Ateneo de Madrid Biblioteca del Ateneo de Madrid Sala Pecera Planta 3 06/02/2014     G-11021(4) 1192630 23/02/2023 23/02/2023 Libro impreso antiguo